000 01122nam0a2200337 4500
001 RU\NLR\bibl\100631
005 20260408203012.0
010 _a5-210-01495-9
_95000
021 _aRU
_b2000-10714
_9533
035 _a(NLR Aleph) 000098398
090 _a554734
_c554734
100 _a20000727d2000 a y0rusy50 ca
101 0 _arus
102 _aRU
105 _aa |||||||||
200 1 _aРусские дети и их игры
_fИ. Шангина
_g[Худож. Валерий Есауленко ]
210 _aСПб.
_cИскусство - СПб
_d2000
215 _a293, [3] c.
_cил.
_d21
320 _aБиблиогр. в конце кн
606 0 _aНародные игры русские
_9946062
_3RU\NLR\auth\66350805
606 _aСемейное воспитание
_xИстория
_yРоссия
_3RU\NLR\AUTH\661522580
_92575045
686 1 _aЧ491.847
686 1 _aЧ493
700 1 _aШангина
_bИ. И.
_4070
801 0 _aRU
_bNLR
_c20000727
_gPSBO
801 1 _aRU
_bNLR
_c20000727
852 _aNLR
_j2000-5/1829
942 _cBOOK
980 _aNB